Battlefront 2: all Characters - Statistics

General Stats
  • This quiz has been taken 101 times
  • The average score is 51 of 117
Answer Stats
Hint Answer % Correct
Villian Darth Vader
99%
Villian Darth Maul
90%
Villian starfighter Darth Mauls Scimitar
90%
Villian starfighter Boba Fetts Slave I
80%
Hero Luke Skywalker
79%
Hero Starfighter Luke Skywalkers T65-B X-Wing
79%
Hero Anakin Skywalker
76%
Villian Count Dooku
76%
Villian Kylo Ren
76%
Hero Han Solo
74%
Hero Rey
74%
Hero Starfighter Rey and Chewbaccas Millenium Falcon
73%
Hero BB-8
71%
Villian Bossk
71%
Hero Yoda
71%
Hero Starfighter Yodas Acti-Class Light Interceptor
71%
Hero Chewbacca
70%
Villian Iden Versio
70%
Hero Finn
69%
Class Heavy Battle Droid
69%
Class Heavy Stormtrooper
69%
Hero Starfighter Lando and L3-37s Millenium Falcon
69%
Hero Obi Wan Kenobi
69%
Villian Captain Phasma
67%
Class Clone Heavy Trooper
67%
Class First Order Heavy Assault Stormtrooper
66%
Hero Lando Calrissian
66%
Class Rebel Heavy Trooper
66%
Class Resistance Heavy Trooper
64%
Class Stormtrooper
64%
Class Battle Droid
63%
Villian BB-9E
63%
Villian starfighter Iden Versios TIE
61%
Class First Order Officer
59%
Class Imperial Officer
59%
Class Rebel Officer
59%
Villian Boba fett
57%
Class Clone Officer
57%
Class Droid Officer
57%
Hero Leia Organa
57%
Class Resistance Officer
57%
Class First Order Stormtrooper
56%
Class Rebel Soldier
56%
Villian Darth Sidious
54%
Class Resistance Soldier
54%
Fighter T65B X-Wing
54%
Fighter T70 X-Wing
54%
Fighter TIE/FO
53%
Fighter TIE/In Fighter
53%
Interceptor TIE/IN Interceptor
53%
Bomber TIE/sa Bomber
53%
Interceptor TIE/sf
53%
Class Clone Specialist
51%
Class Droid specialist
51%
Class First Order Specialist
51%
Hero Starfighter Han Solo and Chewbaccas Millenium Falcon
51%
Class Rebel Specialist
51%
Class Resistance Specialist
51%
Armor AT-ST
43%
Armor AT-ST (stolen)
43%
Bomber BTL-A4 Y Wing
43%
Bomber BTL-B Y Wing
43%
Armor First Order AT-ST
43%
Enforcer Death Trooper
41%
Infiltrator ARC Trooper
40%
Speeder BARC Speeder
40%
Aerial First Order Jet Trooper
40%
Aerial Jet Trooper
40%
Enforcer Wookie Warrior
40%
Enforcer Clone Commando
39%
Artillery AT-AT
37%
Artillery AT-AT (stolen)
37%
Infiltrator Sith Trooper
37%
Infiltrator BX Series Commando Droid
34%
Villian starfighter Darth Vaders TIE Advanced
33%
Enforcer Droideka
33%
Hero Starfighter Poe Damerons T70 X-Wing
33%
Enforcer B2 Super Battle Droid
31%
Infiltrator Ewok Hunter
31%
Villian General Grevious
31%
Interceptor RZ-1 A-Wing
30%
Interceptor RZ-2 A-Wing
30%
Enforcer First Order Flametrooper
27%
Aerial Imperial Rocket Trooper
27%
Class Clone Trooper
21%
Infiltrator ISB Agent
21%
Villian starfighter Kylo Rens TIE Silencer
20%
Armor AT-RT
19%
Armor AT-RT (stolen)
19%
Class Scout Trooper
19%
Enforcer Ovissian Gunner
17%
Armor AAT
16%
Infiltrator Caphex spy
16%
Fighter Vulture droid
16%
Aerial B2-RP Rocket Droid
14%
Interceptor V Wing
13%
Speeder 74-Z Speeder Bike
11%
fighter ARC-170 Starfighter
11%
Bomber Hyena Class Bomber
11%
Artillery LAAT Gunship
11%
Speeder STAP
11%
Speeder X-34 Landspeeder
11%
Interceptor Droid Tri-Fighter
9%
Artillery MTT
9%
Aerial Rebel Rocket-Jumper
9%
Aerial Resistance Rocket-Jumper
9%
Hero Starfighter Tallie Lintras RZ-2 A-Wing
9%
Artillery U-Wing
7%
Fighter N-1 Starfighter
6%
Armor TX-130 Fighter Tank
6%
Speeder LIUV
4%
Speeder LIUV (stolen)
4%
Speeder T-47 Airspeeder
3%
Artillery AT-M6
1%
Speeder V-4X-D Ski Speeder
1%
No matching quizzes found
Score Distribution
Percent of People with Each Score
Percentile by Number Answered
Your Score History
You have not taken this quiz